000 00939nam a22003017a 4500
001 8367
003 FISKH
005 20250910094855.0
008 250910b cb ||||| |||| 00| 0 eng d
020 _a9780736886215
040 _aFISKH
_beng
_cFISKH
_dFISKH
050 _aQB637.6 .S344
082 _a551.5
100 _aSchaefer, Lola M.
245 _aA hot day /
_cBy Lola M. Schaefer
260 _aMinnesota :
_bPebble Books ,
_c2000.
300 _a24 pages :
_bcolor illustrations ;
_c18 cm .
490 _aWhat Kind of Day Is It
505 _aC
520 _aSimple text and photographs describe some things that people see and do on a hot day.
521 8 _a110
_bLexile
521 8 _aC
_bRaz-Plus
650 _aSummer
_vJuvenile Literature
650 _aHeat-Physiological effect
_vJuvenile Literature
700 _aSaunders-Smith, Gail
_eConsulting Editor
942 _2ddc
_cBK
_n0
999 _c8367
_d8367